000 00542nam a22001457a 4500
020 _a978-142310639-5
082 _a823
_bGRA/H
100 _aN.B. GRACE
245 _aHIGH SCHOOL MUSICAL 2
_bTHE JUNIOR NOVEL
260 _aUNITED KINGDOM
_bPARRAGON
_c2007
300 _a137
520 _aTHINGS ARE HEATING UP ON THE LAWNS OF HIGH SOCIETY. WILL TROY AND GABRIELLA REALIZE THAT THEY'RE MEANT TO BE? OR IS IT ALREADY TOO LATE FOR THEM TO SING ONE LAST SONG TOGETHER? THE SHOW MUST GO ON!
650 _aTHE JUNIOR NOVEL
_zUNITED KINGDOM
942 _cBK
999 _c443
_d443